| 000 | 00634nam a2200229Ia 4500 | ||
|---|---|---|---|
| 003 | OSt | ||
| 005 | 20260131162715.0 | ||
| 008 | 210423s2016 xx 000 0 und d | ||
| 020 | _a978-0-670-08913-0 | ||
| 040 | _cAL | ||
| 041 | _aEnglish | ||
| 082 |
_a551.6 _bGHOG |
||
| 100 |
_aAmitav Ghosh _9109300 |
||
| 245 | _aGreat derangement: climate change and the unthinkable | ||
| 260 |
_aHaryana _bPenguin Books Ltd _c2016 |
||
| 300 |
_a275p. _bHB |
||
| 365 |
_b399 _cINR |
||
| 650 |
_aEarth Sciences _9109301 |
||
| 650 |
_aSciences _9109302 |
||
| 906 | _achange ; climate ; derangement: ; Great ; unthinkable | ||
| 942 |
_2ddc _cBK |
||
| 999 |
_c167806 _d167806 |
||